| 000 | 00952 a2200193 4500 | ||
|---|---|---|---|
| 001 | 59657 | ||
| 005 | 20260407155850.0 | ||
| 008 | 260407a1964 arg spa d | ||
| 003 | AR-UNSa-BCEJYS | ||
| 040 |
_aAR-UNSa-BCEJYS _bspa _cAR-UNSa-BCEJYS |
||
| 080 |
_a631.15 _xProducción de la explotación agrícola. Gestión de la explotación agrícola. Administración de la explotación agrícola |
||
| 245 | 1 | 0 |
_aLas finanzas del Siglo XX _potros ensayos |
| 264 | 1 |
_aBuenos Aires : _bEUDEBA (Editorial Universitaria de Buenos Aires) _c1964 |
|
| 300 |
_a87 p. _c18 cm. |
||
| 505 | _a1. Las finanzas del siglo XX desde el punto de vista de la neutralidad fiscal - 2. Reforma o reformas agrarias - 3. Algunas contradicciones y obstáculos en el desarrollo - 4. La distribución de las rentas según Pareto y las conclusiones que se han querido sacar de su ley | ||
| 942 | _cBK | ||
| 590 | _aniveau_biblio:m niveau_hierar:0 | ||
| 100 | 1 | _aAhumada, Guillermo | |
| 999 |
_c6777 _d6777 |
||